000 00455nam a22001817a 4500
005 20251108165323.0
008 250721s9999 xx 000 0 ara d
082 1 4 _a956.62/احم
100 1 _aالسقاف، أحمد
245 1 0 _aأنا عائد من جنوب الجزيرة العربية /
250 _aط4
264 _c[19-].
300 _a166ص
650 1 7 _aاليمن
650 1 7 _aالتاريخ
942 _2ddc
_cBK
999 _c25016
_d25016